00000000nam##2200000za#4500
0019.604380
003CaOODSP
00520210624211547
007cr |||||||||||
008150406|2009||||xxc|||||o    f|0| 0 fre|d
040 |aCaOODSP|bfre
043 |an-cn---
0861 |aTU3-7/09-0031F-PDF
1102 |aBureau de la sécurité des transports du Canada.
24510|aEnvahissement et naufrage du petit bateau de pêche Sea Gypsy Enterprises à 67 nm à l'est de Cape Spear (Terre-Neuve-et-Labrador) le 12 septembre 2009 |h[ressource électronique]
260 |aOttawa - Ontario : |bBureau de la sécurité des transports du Canada |c[2010].
300 |a14p.|bfigures, photographies
4901 |aRapport d'enquête maritime |vM09N0031
590 |a12-32-Supp|b2012-07-11
77508|tTaking on water and sinking - small fishing vessel Sea Gypsy Enterprises, 67 nm east of Cape Spear, Newfoundland and Labrador 12 September 2009 |w(CaOODSP)9.574645
830#0|aRapport d'enquête maritime ;|vM09N0031|w(CaOODSP)9.501269
85640|ahttp://publications.gc.ca|qPDF|s829 Ko|uhttps://publications.gc.ca/collections/collection_2012/bst-tsb/TU3-7-09-0031-fra.pdf|yM09N0031